LEADER 02930nam 2200745 a 450 001 9910970316903321 005 20251116182507.0 010 $a1-80758-451-8 010 $a0-85745-893-0 024 7 $a10.1515/9780857458933 035 $a(CKB)2550000001108931 035 $a(EBL)1337724 035 $a(OCoLC)855505446 035 $a(SSID)ssj0000954842 035 $a(PQKBManifestationID)12413322 035 $a(PQKBTitleCode)TC0000954842 035 $a(PQKBWorkID)10944402 035 $a(PQKB)10941493 035 $a(MiAaPQ)EBC1337724 035 $a(DE-B1597)637175 035 $a(DE-B1597)9780857458933 035 $a(Perlego)541176 035 $a(EXLCZ)992550000001108931 100 $a20120830d2013 uy 0 101 0 $aeng 135 $aur|n|---||||| 181 $ctxt 182 $cc 183 $acr 200 00$aRace, color, identity $erethinking discourses about "Jews" in the Twenty-First Century /$fedited by Efraim Sicher 210 $aNew York $cBerghahn Books$d2013 215 $a1 online resource (398 p.) 300 $aDescription based upon print version of record. 311 08$a0-85745-892-2 311 08$a1-299-77767-8 320 $aIncludes bibliographical references (p. 344-363) and index. 327 $apt. I. Jews and race in America -- pt. II. Jews as blacks/black jews -- pt. III. Discourses of racial and ethnic identities. 330 $a Advances in genetics are renewing controversies over inherited characteristics, and the discourse around science and technological innovations has taken on racial overtones, such as attributing inherited physiological traits to certain ethnic groups or using DNA testing to determine biological links with ethnic ancestry. This book contributes to the discussion by opening up previously locked concepts of the relation between the terms color, race, and "Jews", and by engaging with globalism, multiculturalism, hybridity, and diaspora. The contributors-leading scholars in anthropology, sociology, 606 $aJews$zUnited States$xIdentity 606 $aAfrican Americans$xRelations with Jews 606 $aRace$zUnited States 606 $aJews$zGreat Britain 606 $aMuslims$xRelations with Jews 606 $aJews$zAfrica$xIdentity 606 $aGenetics 606 $aJews, Ethiopian$zIsrael 607 $aEurope$xEthnic relations 607 $aUnited States$xEthnic relations 615 0$aJews$xIdentity. 615 0$aAfrican Americans$xRelations with Jews. 615 0$aRace 615 0$aJews 615 0$aMuslims$xRelations with Jews. 615 0$aJews$xIdentity. 615 0$aGenetics. 615 0$aJews, Ethiopian 676 $a305.800973 701 $aSicher$b Efraim$0596561 801 0$bMiAaPQ 801 1$bMiAaPQ 801 2$bMiAaPQ 906 $aBOOK 912 $a9910970316903321 996 $aRace, color, identity$94546188 997 $aUNINA